书目信息 |
| 题名: |
西方经济学
|
|
| 作者: | 高鸿业, 主编 ;刘文忻 编写 | |
| 分册: | ||
| 出版信息: | 北京 中国人民大学出版社 2005.07 |
|
| 页数: | 813页 | |
| 开本: | 24cm | |
| 丛书名: | 21世纪经济学系列教材 | |
| 单 册: | ||
| 中图分类: | F091.3 | |
| 科图分类: | ||
| 主题词: | 现代资产阶级经济学--xian dai zi chan jie ji jing ji xue--高等学校--教材 | |
| 电子资源: | ||
| ISBN: | 7-300-06332-2 | |
| 000 | 01032nam 2200313 450 | |
| 001 | CAL 012005059956 | |
| 005 | 20060526151943.67 | |
| 010 | @a7-300-06332-2@dCNY 65.00 | |
| 099 | @aCAL 012005059956 | |
| 100 | @a20050527d2005 em y0chiy0121 ea | |
| 101 | 0 | @achi |
| 102 | @aCN@b110000 | |
| 200 | 1 | @a西方经济学@Axi fang jing ji xue@f高鸿业主编@Fgao hong ye zhu bian@g编写者刘文忻 ... [等] |
| 205 | @a第3版 | |
| 210 | @a北京@c中国人民大学出版社@d2005.07 | |
| 215 | @a813页@c图@d24cm | |
| 225 | 2 | @a21世纪经济学系列教材@A21 shi ji jing ji xue xi lie jiao cai |
| 300 | @a普通高等教育“十五”国家级规划教材 | |
| 304 | @a教育部高教司组编 | |
| 305 | @a彩色版 | |
| 320 | @a有书目 | |
| 410 | 0 | @12001 @a21世纪经济学系列教材 |
| 606 | 0 | @a现代资产阶级经济学@Axian dai zi chan jie ji jing ji xue@x高等学校@j教材 |
| 690 | @aF091.3@v4 | |
| 701 | 0 | @a高鸿业,@Agao hong ye@f1921-@4主编 |
| 702 | 0 | @a刘文忻@Aliu wen xin@4编写 |
| 801 | 0 | @aCN@bSDFIL@c20060526 |
| 801 | 2 | @aCN@bSDFIL@c20060507 |
| 905 | @a10447@dF091.3@eG138 | |
| 西方经济学/高鸿业主编/编写者刘文忻 ... [等].-第3版.-北京:中国人民大学出版社,2005.07 |
| 813页:图;24cm.-(21世纪经济学系列教材) |
| 普通高等教育“十五”国家级规划教材 |
| ISBN 7-300-06332-2:CNY 65.00 |
| ● |
| 相关链接 |
|
|
|
正题名:西方经济学
索取号:F091.3/G138
 
预约/预借
| 序号 | 登录号 | 条形码 | 馆藏地/架位号 | 状态 | 备注 |
| 1 | 603853 | 206038535 | 社科库409/409社科库 65排4列5层/ [索取号:F091.3/G138] | 在馆 | |
| 2 | 603854 | 206038544 | 社科库409/ [索取号:F091.3/G138] | 在馆 |